000 00384nam a2200109Ia 4500
008 171204s9999 xx 000 0 und d
245 _aSport, Coaching and Intellectual Disability:
245 _cDavid Hassan, Roy McConkey, and Sandra Dowlin
260 _c2014
650 _xSPED 11 Psychological and Physical Knowledge Approach
856 _uhttp://down.ebook777.com/055/0415735777.pdf
999 _c346577
_d346577